| 000 | 00350cam a22001217a 4500 | ||
|---|---|---|---|
| 008 | 180718b1995 xxu||||| |||| 00| 0 eng d | ||
| 082 | _aA6x54 V44f | ||
| 100 | _aVas, E.A. | ||
| 245 |
_aFools and infantrymen: one view of history (1923-1993) _cby E.A. Vas |
||
| 260 |
_aMeerut _bKarikeya _c1995 |
||
| 300 | _a297p. | ||
| 650 | _aIndia - History, 1923-1993 | ||
| 999 |
_c378638 _d378638 |
||